| 000 | 00758cam a2200133 4500500 | ||
|---|---|---|---|
| 005 | 20260405085459.0 | ||
| 041 | _afre | ||
| 042 | _adc | ||
| 100 | 1 | 0 |
_aHuber, Winfrid _eauthor |
| 245 | 0 | 0 | _aLes psychothérapies : Quelle thérapie pour quel patient ? |
| 260 |
_bArmand Colin,
_c2005. |
||
| 520 | _aQuelles sont les méthodes indiquées pour quel trouble, comment le savoir et comment trouver un(e) thérapeute qui permette de négocier le meilleur traitement et de le mener à bonne fin ? Telles sont les questions auxquelles ce livre essaie de répondre à partir du savoir clinique et des récentes recherches sur la psychothérapie. | ||
| 856 | 4 | 1 | _uhttps://shs.cairn.info/les-psychotherapies--9782200341275?lang=fr&redirect-ssocas=7080 |
| 999 |
_c2197925 _d2197925 |
||